000 00755nam a22002177a 4500
999 _c17077
_d17077
003 AR-CdUCM
008 190507b ||||| |||| 00| 0 spa d
040 _aMUNICIPALIDAD PROVINCIAL DEL CUSCO
_cBIBLIOTECA MUNICIPAL DEL CUSCO
082 _a193 /
_bK48 / 1933
100 _aKeyserling, Conde de
_925847
245 _aMeditaciones Suramericanas /
260 _aMadrid :
_bEspasa - Calpe,
_c1933
300 _a404 paginas ;
_c22 cm.
500 _aFilosofia y religion
505 _aContenido: El continente del tercer dia de la creación -- El miedo original -- Guerra -- Sangre -- Hado...
650 _aReligión
_91195
650 _aFilosofia
_9395
700 _aLopez Ballesteros, Luis
_917155
942 _2ddc
_cLIBROS
945 _apjha
_d2019-05-07